Etihad Airways Destinations - Statistics

General Stats
  • This quiz has been taken 174 times
  • The average score is 45 of 78
Answer Stats
Country City % Correct
Australia Sydney
96%
Australia Melbourne
92%
Australia Brisbane
89%
Belgium Brussels
88%
Azerbaijan Baku
83%
Egypt Cairo
77%
Bahrain Manama
76%
India Delhi
73%
Italy Milan
73%
Germany Frankfurt
71%
Ireland Dublin
70%
Indonesia Jakarta
70%
India Mumbai
70%
Germany Munich
70%
Greece Athens
69%
Spain Madrid
68%
Singarore Singapore
68%
Switzerland Zurich
68%
Netherlands Amsterdam
67%
China Hong Kong
67%
Kuwait Kuwait City
66%
Maldives Male
66%
Saudi Arabia Riyadh
66%
Spain Barcelona
65%
Sri Lanka Colombo
65%
Pakistan Islamabad
65%
Saudi Arabia Jeddah
65%
Philippines Manila
65%
Kenya Nairobi
65%
United Arab Emirates Abu Dhabi
64%
United Kingdom Manchester
64%
Oman Muscat
64%
Morroco Casablanca
63%
Switzerland Geneva
63%
South Africa Johannesburg
63%
Pakistan Karachi
63%
Nepal Kathmandu
63%
Nigeria Lagos
63%
United States Los Angeles
63%
Jordan Amman
62%
Lebanon Beirut
62%
Serbia Belgrade
62%
India Bengaluru
61%
India Kolkata
60%
Pakistan Lahore
60%
Kazakhstan Nur-Sultan
60%
India Chennai
59%
Germany Dusseldorf
59%
Egypt Alexandria
57%
Sudan Khartoum
57%
Thailand Phuket
57%
Morroco Rabat
55%
India Hyderabad
54%
Saudi Arabia Medina
51%
India Ahmedabad
50%
Saudi Arabia Dammam
50%
United Kingdom London-Heathrow
50%
United States New York-JFK
50%
Japan Tokyo-Narita
50%
France Paris-Charles de Gaulle
46%
South Korea Seoul-Incheon
45%
China Shanghai-Pudong
43%
Canada Toronto-Pearson
42%
China Beijing-Capital
38%
China Chengdu
38%
Japan Nagoya
38%
United States Chicago O'Hare
37%
Italy Rome–Fiumicino
35%
India Kochi
34%
United States Washington-Dulles
31%
Seychelles Mahe
30%
Oman Salalah
29%
India Thiruvananthapuram
25%
Russia Moscow-Domodedovo
23%
Thailand Bangkok-Suvarnabhumi
20%
Turkey Istanbul-International
20%
Malaysia Kuala Lumpur-International
19%
India Kozhikode
14%
No matching quizzes found
Score Distribution
Percent of People with Each Score
Percentile by Number Answered
Your Score History
You have not taken this quiz